Statistiken für Asiatische Länder nach ersten 2 Buchstaben

Klicken Sie hier um das Quiz zu spielen!

Allgemein

  • Dieses Quiz wurde 1.174 mal gespielt
  • Das Durchschnittsergebnis liegt bei 37 aus 48

Antworten auf der Karte

Die Antworten werden auf der Karte rot bzw. grün angezeigt, abhängig davon wie oft sie richtig erraten wurden.
 

Antwortstatistiken

Land% Korrekt
China
98%
Indien
98%
Indonesien
98%
Kambodscha
95%
Kasachstan
95%
Katar
95%
Türkei
95%
Turkmenistan
95%
Irak
91%
Iran
91%
Saudi-Arabien
90%
Mongolei
88%
Japan
86%
Pakistan
85%
Jemen
84%
Oman
84%
Afghanistan
81%
Tadschikistan
81%
Taiwan
81%
Thailand
81%
Nordkorea
79%
Südkorea
79%
Nepal
78%
Usbekistan
78%
Vietnam
78%
Bahrain
77%
Bangladesch
77%
Israel
77%
Syrien
77%
Malaysia
75%
Malediven
75%
Georgien
74%
Kirgisistan
74%
Laos
74%
Armenien
72%
Birma
72%
Philippinen
71%
Aserbaidschan
70%
Jordanien
69%
Bhutan
67%
Sri Lanka
64%
Vereinigte
Arabische
Emirate
63%
Libanon
59%
Kuwait
56%
Zypern
55%
Brunei
36%
Singapur
34%
Timor-Leste
34%

Verteilung der Resultate

Perzentil nach korrekt beantworteten Fragen

Anzahl Personen mit jedem Resultat

Ihre Resultats-Entwicklung

Sie haben dieses Quiz noch nicht gespielt